| 000 | 01070cam a22002291 4500 | ||
|---|---|---|---|
| 001 | pa 62000024 | ||
| 003 | DLC | ||
| 005 | 20260227111856.0 | ||
| 008 | 780404s1962 dcu i00000 eng c | ||
| 010 | _apa 62000024 //r852 | ||
| 035 | _aocl73739297 | ||
| 040 |
_aPan American Union. Library _cWMaUCS _dWMaUCS |
||
| 043 |
_an------ _as------ |
||
| 050 | 0 |
_aF1405.5 1959 _b.O7 OEA/Ser.I/VI.2, CIJ-61 (English) |
|
| 110 | 2 | 0 | _aInter-American Juridical Committee. |
| 245 | 1 | 0 |
_aContribution of the American continent to the principles of international law that govern the responsibility of the state. _bOpinion prepared in accordance with Resolution CIV of the Tenth Inter-American Conference, Resolution VI of the third meeting and Resolution XII of the fourth meeting of the Inter-American Council of Jurists. |
| 260 | 0 |
_aWashington, _bPan American Union, _c1962. |
|
| 300 |
_a127 p. _c28 cm. |
||
| 440 | 0 |
_a/OAS official records] ; _vOEA/Ser.I/VI.2, CIJ-61 (English) |
|
| 650 | 0 | _aGovernment liability (International law) | |
| 650 | 0 |
_aGovernment liability _zAmerica. |
|
| 999 |
_c51494 _d51494 |
||